00274nas a2200121 4500000000100000008004100001260001700042653001200059245005200071300000900123490000600132022001400138 1969 d c1969 Apr-Jun10aleprosy00a[Leprosy; its physical and moral consequences]. a34-90 v8 a0071-0970